000 00898nam a2200253Ia 4500
003 OSt
005 20220923212909.0
006 a|||||r|||| 00| 0
007 ta
008 220922b |||||||| |||| 00| 0 hin d
024 _a156,706
037 _cTextual
040 _aARTS
_cARTS
_bhin
041 _2hin
_ahin
082 _aO152,1N30:g, N1
100 _aवीरेन्द्र मोहन, संपा.
245 0 _aप्रेमशंकर व्यक्तित्व और रचना
246 _aPremashankar vyaktitva aur rachanā
260 _aनई दिल्ली
_b प्रकाशन संस्थान
_c1991
300 _a151 पृ.
_ccm.
650 _aहिन्दी साहित्य
_9156264
942 _hO152,1N30:g, N1
_cTEXL
_2CC
999 _c311962
_d311962